Statistics for mario party 9 minigames

Click here to take the quiz!

General Stats

  • This quiz has been taken 4 times
  • The average score is 8 of 15

Answer Stats

HintAnswer% Correct
woodloggerheads
100%
nfl ?tackle takedown
100%
fightmagma mayhem
75%
pizza saucepizza me mario
75%
explosionbomb barge
50%
oppositedon't look
50%
mushroonfungi frenzy
50%
mansionmanor of escape
50%
roboticmecha choice
50%
fastspeeding bullets
50%
radishestuber tug
50%
friendbuddy bounce
25%
memorydeck dry bones
25%
attackhazard hold
25%
dirtyline in the sand
25%

Score Distribution

Percentile by Number Answered

Percent of People with Each Score

Your Score History

You have not taken this quiz